000
00322 a2200109 4500
001
ART_6714
005
20260410161826.0
008
260409a
245
1
0
_a
El empleo en el turismo Marplatense
100
1
_a
Labrunée, María Eugenia
773
0
_t
FACES
_g
- Año 14, Nº 30/31 (ene./dic. 2008)
_w
REV5046
999
_c
22824
_d
22824